Loading...
| Any History | 10 | 16.00 | 90% | 70% | 0% |
| Current Events | 3 | 13.33 | 100% | 33% | 0% |
| Fine Arts - Classical Music | 5 | 16.00 | 100% | 40% | 20% |
| Fine Arts - Other Fine Arts | 6 | 16.67 | 100% | 67% | 0% |
| Geography | 5 | 10.00 | 60% | 40% | 0% |
| History - American History | 7 | 14.29 | 86% | 57% | 0% |
| History - European History | 10 | 14.00 | 100% | 30% | 10% |
| History - World History | 5 | 12.00 | 100% | 20% | 0% |
| Literature - American Literature | 8 | 13.75 | 100% | 38% | 0% |
| Literature - British Literature | 10 | 16.00 | 90% | 60% | 10% |
| Literature - European Literature | 9 | 18.89 | 89% | 78% | 22% |
| Literature - World Literature | 9 | 10.00 | 89% | 11% | 0% |
| Mythology | 4 | 10.00 | 100% | 0% | 0% |
| Other Academic | 3 | 20.00 | 100% | 100% | 0% |
| Painting & Sculpture | 5 | 12.00 | 80% | 20% | 20% |
| Philosophy | 6 | 18.33 | 100% | 50% | 33% |
| Religion | 10 | 17.00 | 100% | 70% | 0% |
| Science - Biology | 7 | 14.29 | 100% | 43% | 0% |
| Science - Chemistry | 6 | 18.33 | 100% | 67% | 17% |
| Science - Other Science | 8 | 10.00 | 75% | 25% | 0% |
| Science - Physics | 8 | 12.50 | 100% | 25% | 0% |
| Social Science | 7 | 18.57 | 100% | 86% | 0% |